आनंद योग: (Record no. 45201)
[ view plain ]
| 000 -LEADER | |
|---|---|
| fixed length control field | 01344nam a22002657a 4500 |
| 005 - DATE AND TIME OF LATEST TRANSACTION | |
| control field | 20100910150449.0 |
| 008 - FIXED-LENGTH DATA ELEMENTS--GENERAL INFORMATION | |
| fixed length control field | 100910t xxu||||| |||| 00| 0 hin d |
| 010 ## - LCCN (DPL NO) | |
| LC control number | HIN-90433 |
| 020 ## - INTERNATIONAL STANDARD BOOK NUMBER | |
| Terms of availability | 375.00 |
| International Standard Book Number | 9789380089065 |
| 035 ## - SYSTEM CONTROL NUMBER | |
| System control number | HN-62779 |
| 037 ## - SOURCE OF ACQUISITION | |
| Source of stock number/acquisition | DBAD / PUB |
| 040 b# - CATALOGING SOURCE | |
| Original cataloging agency | DPL |
| Language of cataloging | HN |
| 082 ## - DEWEY DECIMAL CLASSIFICATION NUMBER | |
| Classification number | 181.499 |
| 100 ## - MAIN ENTRY--PERSONAL NAME | |
| 9 (RLIN) | 19362 |
| Personal name | ओशो |
| 245 ## - TITLE STATEMENT | |
| Title | आनंद योग: |
| Statement of responsibility, etc | ओशो; ज्ञानभेद द्वारा अनुवादित |
| Remainder of title | बाउल सन्तों के क्रांति गीत / |
| 246 ## - VARYING FORM OF TITLE | |
| Title proper/short title | Anand Yoga |
| Remainder of title | by Osho; Translated by Gyanbhed |
| 260 ## - PUBLICATION, DISTRIBUTION, ETC. (IMPRINT) | |
| Place of publication, distribution, etc | लखनऊ |
| Name of publisher, distributor, etc | दिव्यांश पब्लिकेशन्स |
| Date of publication, distribution, etc | 2010 |
| 270 ## - ADDRESS | |
| Address | एम.आई.जी. 222, फोज-1, एल.डी.ए. टिकैतराय कॉलोनी |
| City | लखनऊ |
| Postal code | 226017 |
| Telephone number | 09415185960 |
| Electronic mail address | divyanshpublications@yahoo.co.in |
| 300 ## - PHYSICAL DESCRIPTION | |
| Extent | 286पृ. |
| Dimensions | 22सेमी (सजिल्द) |
| 500 ## - GENERAL NOTE | |
| General note | पहला प्रवचनः जड़ें और फूल एक ही हैं |
| 650 ## - SUBJECT ADDED ENTRY--TOPICAL TERM | |
| 9 (RLIN) | 1169 |
| 700 ## - ADDED ENTRY--PERSONAL NAME | |
| 9 (RLIN) | 19359 |
| Personal name | ज्ञानभेद |
| 942 ## - ADDED ENTRY ELEMENTS (KOHA) | |
| Source of classification or shelving scheme | Dewey Decimal Classification |
| Item type | Hindi Books |
| Classification part | 181.499 |
| Call number suffix | ओशो |
| Withdrawn status | Lost status | Source of classification or shelving scheme | Damaged status | Not for loan | Collection code | Home library | Current library | Date acquired | Source of acquisition | Cost, normal purchase price | Total Checkouts | Full call number | Barcode | Date last seen | Copy number | Cost, replacement price | Koha item type |
|---|---|---|---|---|---|---|---|---|---|---|---|---|---|---|---|---|---|
| Dewey Decimal Classification | Not For Loan | Non-fiction | D.B.Act.Division | D.B.Act.Division | 10/09/2010 | DBAD / PUB | 375.00 | 181.499 ओशो | HN-62779 | 10/09/2010 | 1 | 375.00 | Hindi Books |
